الدولة المصرية والرؤية العصرية : (Record no. 3756)
[ view plain ]
| 000 -الفاتح | |
|---|---|
| حقل البيانات ثابتة الطول | 00852nam a22002295a 4500 |
| 003 - محدد رقم الضبط | |
| رقم الضبط | OSt |
| 005 - وقت وتاريخ اخر تعامل مع التسجيلة | |
| رقم الضبط | 20201124142009.0 |
| 008 - عناصر البيانات ثابتة الطول - معلومات عامة | |
| حقل البيانات ثابتة الطول | 080914s2005 ua ||||gr|||| 00| 0 ara d |
| 020 ## - الرقم الدولى المعيارى للكتب | |
| الرقم الدولى المعيارى للكتاب | 9770911585 |
| 040 ## - مصدر الفهرسة | |
| وكالة الفهرسة الأصلية | EG-ScBuE |
| لغة الفهرسة | ara |
| وكالة النسخ | EG-ScBuE |
| 082 04 - رقم تصنيف ديوى العشرى | |
| رقم التصنيف | 320.9174927 |
| رقم المادة | ا ل ف |
| رقم الطبعة | 22 |
| 245 10 - بيان العنوان | |
| العنوان | الدولة المصرية والرؤية العصرية : |
| بقية العنوان | من فقه المراجعة إلي فكر المستقبل / |
| بيان المسئوليه,etc | مصطفي الفقى. |
| 250 ## - بيان الطبعة | |
| بيان الطبعة | 1ط. |
| 260 ## - PUBLICATION, DISTRIBUTION, ETC. (IMPRINT) | |
| مكان الناشر او الموزع | القاهرة : |
| اسم الناشر او الموزع | دار الشروق ، |
| تاريخ النشر أو التوزيع | 2005. |
| 300 ## - الوصف المادى | |
| التعداد | 327 ؛ ص |
| أبعاد الوعاء | 25 سم. |
| 590 ## - تبصرة محلية(RLIN) | |
| تبصرة محلية | yassmeen ashraf |
| 650 ## - المدخل الاضافى بالموضوع-مصطلح موضوعى | |
| مصدر الرأس أو المصطلح | BUEsh |
| 651 #0 - المدخل الاضافى بالموضوع - اسم جغرافى | |
| 9 (RLIN) | 13700 |
| الاسم الجغرافي | العالم العربي |
| التقسيم الفرعي العام | الأحوال السياسية |
| مصدر الرأس أو المصطلح | BUEsh |
| 651 #0 - المدخل الاضافى بالموضوع - اسم جغرافى | |
| 9 (RLIN) | 15286 |
| الاسم الجغرافي | العالم العربي |
| التقسيم الفرعي العام | علاقات خارجية |
| مصدر الرأس أو المصطلح | BUEsh |
| 653 ## - مصطلح تكشيفى غير مقيد | |
| Resource For college | Arabic Literature |
| Arrived date list | August2015 |
| 942 ## - عناصر المدخل الإضافي( كوها) | |
| Koha [default] item type | Book - Borrowing |
| سابقة رقم الطلب | 320.9174927 ا ل ف |
| مصدر التصنيف او مخطط الترفيف | Dewey Decimal Classification |
| حالة التراجع | حالة الفقد | مصدر التصنيف او خطة الترفيف | حالة تلف | ليس للاعارة | مجموعات كوها | المكان الدائم | المكان الحالي | موقع الترفيف | تاريخ الاكتساب | Source of acquisition | سعر الشراء الطبيعي | رقم الاستدعاء | الباركود | Date last seen | مُعار | التكلفة | نوع الوعاء |
|---|---|---|---|---|---|---|---|---|---|---|---|---|---|---|---|---|---|
| Dewey Decimal Classification | Central Library | Central Library | First floor | 07/05/2015 | 25.00 | 320.9174927 ا ل ف | 000030073 | 15/07/2025 | 11/02/2020 | 31.25 | Book - Borrowing | ||||||
| Dewey Decimal Classification | Alef-Baa | Central Library | Central Library | First floor | 28/07/2009 | 25.00 | 320.9174927 ا ل ف | 000017710 | 15/07/2025 | 04/11/2019 | 31.25 | Book - Borrowing |